00816nam a2200253 a 450000100060000000300080000600500170001400800410003103500190007204000270009104100080011808200220012610000290014824500500017725000120022726000330023930000180027249000370029050400510032750500570037865100480043565100420048383000370052564077BD-RjUL20211209081252.0080217s1959 enk b 001 0 eng d a(BD-RjUL)64207 aEQOcEQObengdBD-RjUL aeng 223a941bEDN 19611 aEdwards, William,d1871-10aNotes on British history /c William Edwards. a8th ed. aLondon :bRivingtons,c1961. aPt. ;c19 cm. aNotes on british history ..., 2  aIncludes bibliographical references and index. aPt. 2 The beginning of modern history : 1485-1660 -- 0aGreat BritainxHistoryyStuarts, 1603-1714. 0aGreat BritainxHistoryy18th century. aNotes on british history ..., 2